00678nam a2200181 a 4500008004100000020001500041050002100056100003100077245007600108260004700184300001300231350000900244500014700253650001700400650002200417700002500439710003200464120416s1994 ||||||||||||||||| || u a922109183X aHF 5549.5.M3 New aRichards, P. J. (Peter J.)10aNew approaches to manpower planning and analysiscedited by P. Richards aGeneva:bInternational Labour Officec1994 ax, 137p. a0.00 aPapers and discussion summaries from a workshop organized by the ILO and held in October 1991. -Includes bibliographical references and index. aLABOR MARKET aMANPOWER PLANNING aAmjad, Rashid, 1947- aInternational Labour Office